000 00432nam a2200169Ia 4500
005 20250423101037.0
008 250422s9999 xx 000 0 und d
020 _a0070339090
050 _aQC 23 .K398/
100 _aKeller, Frederic J.
245 0 _aStudy guide to accompany physics and physsics : classical and modern
250 _a2nd ed.
260 _aNew York
260 _bMcGraw- Hill
260 _c1993
942 _cBK
999 _c35114
_d35114